| 000 | 00637cam a2200229ua 4500 | ||
|---|---|---|---|
| 001 | 7990 | ||
| 008 | 150103n ii |||gr||||Z||||||eng | ||
| 020 | _a9788126520510 | ||
| 040 | _cMAIN | ||
| 041 | _aeng | ||
| 082 | _a005.43 | ||
| 100 |
_aSilberschatz, A., _eAuthor. |
||
| 245 | 1 |
_aOperating system concepts : _bInternational students version / _cBy Abraham Silberschatz . |
|
| 250 | _a8th. | ||
| 260 |
_aNew Delhi: _bWiley, _c2014. |
||
| 300 | _axx,972p. | ||
| 653 | _aComputer programming, programs & data | ||
| 653 | _aOperating system | ||
| 700 |
_aGalvin, P. B., _eAuthor. |
||
| 700 |
_aGagne, G., _eAuthor. |
||
| 942 | _cBK | ||
| 999 |
_c7109 _d7109 |
||